[Event "AUTO-BEG-142"]
[Site "http://www.queenalice.com/game.php?id=276921"]
[Date "2007.9.25"]
[Round "1"]
[White "leaqui"]
[Black "alinerossi"]
[Result "1-0"]
[WhiteElo "923"]
[BlackElo "1109"]

1. a4 e5 2. Nf3 Nf6 3. Nxe5 d5 4. e3 Ne4 5. f3 Qh4+ 6. g3 Qf6 7. d4 Bb4+ 8. Nd2
Bxd2+ 9. Bxd2 Nxd2 10. Qxd2 O-O 11. Qb4 Qb6 12. c3 Nc6 13. Qxb6 cxb6 14. b4 Nxe5
15. dxe5 Rb8 16. Rd1 Rd8 17. e4 Be6 18. c4 g5 19. cxd5 Rdc8 20. dxe6 Rd8 21.
Rxd8+ Rxd8 22. exf7+ Kxf7 23. f4 g4 24. h3 gxh3 25. Rxh3 Kg7 26. f5 Re8 27. f6+
Kg6 28. f7 Kxf7 29. Rxh7+ Kg8 30. Rxb7 a5 31. Rxb6 Kf8 32. Rb5 axb4 33. Rxb4
Rxe5 34. g4 Re8 35. a5 1-0

[Event "AUTO-BEG-142"]
[Site "http://www.queenalice.com/game.php?id=276933"]
[Date "2007.9.25"]
[Round "1"]
[White "chapichapo"]
[Black "alinerossi"]
[Result "1-0"]
[WhiteElo "1773"]
[BlackElo "1040"]

1. e4 e5 2. Nf3 Nf6 3. Nc3 Bb4 4. Nxe5 h5 5. Bc4 O-O 6. d3 Qe8 7. Ng6 d5 8. Nxf8
Qxf8 9. Bxd5 Nxd5 10. exd5 Bxc3+ 11. bxc3 Nd7 12. Qxh5 g6 13. Qf3 Qe7+ 14. Be3
Ne5 15. Qe4 c5 16. f4 Qh4+ 17. g3 Qh3 18. fxe5 Qf5 19. Qxf5 gxf5 20. Bxc5 Bd7
21. h4 Ba4 22. h5 b6 23. Be7 Re8 24. d6 Bxc2 25. h6 Bxd3 26. Rd1 Be4 27. h7+ Kh8
28. Bf6# 1-0

[Event "AUTO-BEG-142"]
[Site "http://www.queenalice.com/game.php?id=276934"]
[Date "2007.9.25"]
[Round "1"]
[White "alinerossi"]
[Black "chapichapo"]
[Result "0-1"]
[WhiteElo "1082"]
[BlackElo "1767"]

1. Nf3 b6 2. Nc3 Bb7 3. d4 Nf6 4. Bf4 e6 5. Qd3 Nc6 6. Nb5 Nd5 7. Ne5 Nxf4 8.
Nd6+ Bxd6 9. Qf3 Bxe5 10. dxe5 Ng6 11. Rd1 Ngxe5 12. Qe4 d5 13. Qa4 O-O 14. e3
Qf6 15. Qf4 Qxf4 16. exf4 Nc4 17. Bd3 Nxb2 18. Rd2 Nxd3+ 19. Rxd3 Nb4 20. Rb3
Nxc2+ 21. Kd2 Nd4 22. Rd3 c5 23. g4 Ba6 24. Ra3 Bb7 25. f5 exf5 26. gxf5 Nf3+
27. Rxf3 d4 28. Rg1 Bxf3 29. Rg3 Bd5 30. Rxg7+ Kxg7 31. f4 c4 32. Kc2 Rfe8 33.
f6+ Kxf6 34. Kb2 Re2+ 35. Ka3 Rae8 36. Kb4 a6 0-1

[Event "AUTO-BEG-142"]
[Site "http://www.queenalice.com/game.php?id=276939"]
[Date "2007.9.25"]
[Round "1"]
[White "MWinter"]
[Black "alinerossi"]
[Result "1-0"]
[WhiteElo "1086"]
[BlackElo "1044"]

1. e4 e5 2. Nf3 Bd6 3. Bc4 Nf6 4. d3 O-O 5. O-O Nh5 6. Nxe5 Bxe5 7. Qxh5 g6 8.
Qxe5 Qe8 9. Qc3 d6 10. b3 Be6 11. Bb2 Nc6 12. Qg7# 1-0

[Event "AUTO-BEG-142"]
[Site "http://www.queenalice.com/game.php?id=276940"]
[Date "2007.9.25"]
[Round "1"]
[White "alinerossi"]
[Black "MWinter"]
[Result "0-1"]
[WhiteElo "1082"]
[BlackElo "1271"]

1. Nf3 d5 2. Nc3 c6 3. Na4 Nf6 4. Nc5 e5 5. Nxe5 Bxc5 6. e3 O-O 7. Bd3 Re8 8.
O-O Rxe5 9. f4 Re8 10. Rf3 Bg4 11. b4 Bxb4 12. c3 Bd6 13. Rb1 b5 14. Rb3 Nbd7
15. Ba3 Nc5 16. Qe1 Nxb3 17. Bxd6 Qxd6 18. Qg3 Bxf3 19. f5 Qxg3 20. hxg3 Be4 21.
Be2 Nxd2 22. g4 Bxf5 23. gxf5 Rxe3 24. Kf2 Rae8 25. Kg1 Rxe2 26. Kh2 R8e3 0-1

[Event "AUTO-BEG-147"]
[Site "http://www.queenalice.com/game.php?id=285385"]
[Date "2007.10.12"]
[Round "1"]
[White "fabiobulcao"]
[Black "alinerossi"]
[Result "1-0"]
[WhiteElo "1185"]
[BlackElo "1167"]

1. e4 d6 2. Nf3 Nf6 3. Bc4 d5 4. exd5 Bf5 5. Na3 Be4 6. O-O Na6 7. d3 Bf5 8. Bf4
Ng4 9. Qd2 c5 10. Rae1 Qb6 11. h3 Nf6 12. Re5 Nh5 13. Rxf5 Nxf4 14. Qxf4 Qd6 15.
Qxd6 exd6 16. Re1+ Be7 17. Nb5 Nb4 18. Nc7+ Kd7 19. Nxa8 Rxa8 20. Rxf7 Ke8 21.
Bb5+ 1-0

[Event "AUTO-BEG-147"]
[Site "http://www.queenalice.com/game.php?id=285386"]
[Date "2007.10.12"]
[Round "1"]
[White "alinerossi"]
[Black "fabiobulcao"]
[Result "0-1"]
[WhiteElo "1167"]
[BlackElo "1210"]

1. Nc3 d5 2. Nf3 Nf6 3. d4 Nc6 4. Nb5 Bf5 5. Bf4 e6 6. Bxc7 Qd7 7. Nd6+ Ke7 8.
Ne5 Qxc7 9. Nexf7 Rg8 10. Qd2 Qa5 11. Nxb7 Qxd2+ 12. Kxd2 Kxf7 13. Nc5 e5 14.
Nd7 Nxd7 15. f3 exd4 16. g4 Bb4+ 17. Kc1 Nde5 18. gxf5 g6 19. Rg1 gxf5 20. Bg2
Nc4 21. Bh3 Rxg1+ 0-1

[Event "AUTO-BEG-147"]
[Site "http://www.queenalice.com/game.php?id=285401"]
[Date "2007.10.12"]
[Round "1"]
[White "RicardoSilva"]
[Black "alinerossi"]
[Result "1-0"]
[WhiteElo "1327"]
[BlackElo "1157"]

1. e4 e5 2. c4 d6 3. Qa4+ Qd7 4. b3 Be7 5. Be2 b6 6. Qxd7+ Nxd7 7. d3 h6 8. Nf3
Bg5 9. Nc3 Ba6 10. O-O O-O-O 11. Bxg5 hxg5 12. Nxg5 f6 13. Nf7 Ne7 14. a4 Nc6
15. Nd5 Rhg8 16. Bg4 Rde8 17. Rab1 Nd4 18. Rbe1 Nc2 19. Re2 g6 20. Rxc2 Rg7 21.
Nxf6 Re7 22. Bxd7+ Rxd7 23. Nxd7 1-0

[Event "AUTO-BEG-147"]
[Site "http://www.queenalice.com/game.php?id=285402"]
[Date "2007.10.12"]
[Round "1"]
[White "alinerossi"]
[Black "RicardoSilva"]
[Result "0-1"]
[WhiteElo "1167"]
[BlackElo "1317"]

1. d4 d5 2. e3 e6 3. Nf3 Bd6 4. Nc3 Nc6 5. Bd3 f6 6. O-O Bd7 7. Nd2 Qe7 8. Qf3
f5 9. Nb5 Rc8 10. g3 a6 11. Qh5+ g6 12. Qh4 axb5 13. Nb3 Nb4 14. Na5 b6 15. Nb7
e5 16. Nxd6+ cxd6 17. e4 dxe4 18. Be2 Nxc2 19. Rb1 Nxd4 20. Re1 b4 21. a4 Nc2
22. Rd1 Nd4 23. Ba6 g5 0-1

[Event "AUTO-BEG-147"]
[Site "http://www.queenalice.com/game.php?id=285413"]
[Date "2007.10.12"]
[Round "1"]
[White "alinerossi"]
[Black "leaqui"]
[Result "1-0"]
[WhiteElo "1091"]
[BlackElo "944"]

1. d4 d5 2. e3 e6 3. Bb5+ c6 4. Nc3 cxb5 5. Nf3 g5 6. Ne5 Nf6 7. Nxb5 a6 8. Qd3
axb5 9. O-O Qc7 10. f4 gxf4 11. Rxf4 1-0

[Event "AUTO-BEG-147"]
[Site "http://www.queenalice.com/game.php?id=285414"]
[Date "2007.10.12"]
[Round "1"]
[White "leaqui"]
[Black "alinerossi"]
[Result "0-1"]
[WhiteElo "955"]
[BlackElo "1080"]

1. e4 Nc6 2. Nc3 Nf6 3. f3 d6 4. b3 e5 5. Ba3 Nd4 6. Nge2 Be7 7. h3 Nh5 8. g4
Bh4+ 9. Ng3 Nxg3 10. Rg1 O-O 11. Bd3 Qf6 0-1